|
|
|
|
| LEADER |
01556nam a22003732a 4500 |
| 001 |
000187545 |
| 003 |
CZ BrMZK |
| 005 |
20070704090503.0 |
| 007 |
ta |
| 008 |
010907s1985 xr f cze d |
| 015 |
|
|
|a cnb000029591
|
| 035 |
|
|
|a (OCoLC)39595142
|
| 040 |
|
|
|a BOA001
|b cze
|
| 080 |
9 |
|
|a 697.1
|
| 080 |
9 |
|
|a 699.844
|
| 080 |
9 |
|
|a 628.8
|
| 080 |
9 |
|
|a 613.6
|
| 100 |
1 |
|
|a Smolík, Jan
|7 jk01120118
|4 aut
|
| 245 |
1 |
0 |
|a Technika prostředí /
|c Jan Smolík a kolektiv
|
| 250 |
|
|
|a 1. vyd.
|
| 260 |
|
|
|a Praha :
|b SNTL-Nakladatelství technické literatury,
|c 1985
|
| 300 |
|
|
|a 317 s.
|
| 504 |
|
|
|a Obsahuje bibliografie
|
| 856 |
4 |
1 |
|u http://www.digitalniknihovna.cz/mzk/uuid/uuid:67deffb0-6aec-11e2-8aec-005056827e52
|y Digitalizovaný dokument
|x NDK
|
| 910 |
|
|
|a BOA001
|b TK-0224.427
|b 2-0891.070
|
| 920 |
|
|
|a 000084688
|
| 964 |
|
|
|a Prostředí - technika - učebnice - vysoké školy
|
| 990 |
|
|
|a BK
|
| 996 |
7 |
|
|b 2619842092
|c 2-0891.070
|l MZK
|r Sklad / do 1 hodiny
|n 5
|w 000187545
|u 000060
|a 1
|e BOA001
|j MZK50
|s A
|
| 996 |
7 |
|
|b 2619842093
|c 2-0891.070
|l MZK
|r Sklad / do 1 hodiny
|n 3
|w 000187545
|u 000070
|a 1
|e BOA001
|j MZK50
|s A
|
| 996 |
7 |
|
|b 2619974079
|c 2-0891.070
|l MZK
|r Sklad / do 1 hodiny
|n 7
|w 000187545
|u 000050
|a 1
|e BOA001
|j MZK50
|s A
|
| 996 |
6 |
|
|b 2619989010
|c 2-0891.070
|l MZK
|r Sklad / do 1 hodiny
|n 0
|w 000187545
|u 000040
|a 1
|e BOA001
|j MZK50
|s P
|
| 996 |
7 |
|
|b 2629941495
|c TK-0224.427
|l MZK
|r Sklad / do 24 hodin
|n 3
|w 000187545
|u 000030
|a 1
|e BOA001
|j MZK50
|s A
|
| 996 |
7 |
|
|b 2629972671
|c TK-0224.427
|l MZK
|r Sklad / do 24 hodin
|n 11
|w 000187545
|u 000020
|a 1
|e BOA001
|j MZK50
|s A
|